|
|
|
|
| LEADER |
00000nam a2200000 a 4500 |
| 001 |
vtls001315205 |
| 003 |
SK-MaSNL |
| 005 |
20260416165420.0 |
| 008 |
251113s1990 xr 0 cze |
| 020 |
|
|
|a 8004247474
|
| 035 |
|
|
|a SNK000267687
|
| 040 |
|
|
|a SNK
|b slo
|c SNK
|e AACR2
|
| 041 |
0 |
|
|a cze
|
| 044 |
|
|
|a CZ
|
| 080 |
|
|
|a 372.878(075.2)
|2 1981
|
| 100 |
1 |
|
|a Rajmon, Radko
|4 aut
|9 523305
|
| 245 |
1 |
0 |
|a Hudební výchova pro páty ročník základní školy
|c Radko Rajmon, Miroslav Střelák ; il. Jiří Trnka
|
| 250 |
|
|
|a 3. vyd.
|
| 260 |
|
|
|a Praha
|b Státní pedagogické nakladatelství
|c 1990
|
| 300 |
|
|
|a 189, [3] s.
|c 8°
|
| 490 |
1 |
|
|a Učebnice pro základní školy
|
| 650 |
0 |
7 |
|a výchova hudobná
|x učebnice zákl. škôl (5. roč.)
|2 SNK
|9 682833
|
| 700 |
1 |
|
|a Střelák, Miroslav,
|d 1934-2026
|4 aut
|9 1635445
|
| 700 |
1 |
|
|a Trnka, Jiří,
|d 1912-1969
|4 ilu
|9 221899
|
| 830 |
|
0 |
|a Učebnice pro základní školy
|9 280562
|
| 919 |
|
|
|a 80-04-24747-4
|
| 958 |
|
|
|a RK
|
| 958 |
|
|
|a OND
|
| 999 |
|
|
|c 1060013
|d 1061943
|
| 952 |
|
|
|t P60, <04>, [BOOK], {604}
|a SNK
|b SNK
|y VYP
|7 0
|o snkIC 114510
|i snkKIP 3855/90
|0 0
|1 0
|4 0
|d 1997-12-22
|l 0
|r 2005-01-02 00:00:00
|w 2026-02-24
|
| 952 |
|
|
|t P60, <04>, [BOOK], {604}
|a SNK
|b SNK
|y VYP
|7 0
|o snkIC 114510 D1
|i snkKIP 3856/90
|0 0
|1 0
|4 0
|d 1997-12-22
|l 0
|r 2005-01-02 00:00:00
|w 2026-02-24
|